[Event "La Pobla de Lillet op"]
[Site "La Pobla de Lillet"]
[Date "1998.??.??"]
[Round "9"]
[White "Llopis de Aysa, Manuel"]
[Black "Montell Lorenzo, Joan Carlos"]
[Result "0-1"]
[WhiteElo "2220"]
[BlackElo "2280"]
[PlyCount "86"]
[EventDate "1998.??.??"]
[EventType "swiss"]
[EventRounds "9"]
[EventCountry "ESP"]
[SourceTitle "EXT 2004"]
[Source "ChessBase"]
[SourceDate "2003.11.25"]
[SourceVersion "1"]
[SourceVersionDate "2003.11.25"]
[SourceQuality "1"]

1. d4 f5 2. Bg5 Nf6 3. Bxf6 exf6 4. e3 d5 5. c4 dxc4 6. Bxc4 Bd6 7. Ne2 Qe7 8. 0-0 Nd7 9. Nf4 Nb6 10. Qh5+ Kd8 11. Nd5 Qe8 12. Qxe8+ Rxe8 13. Nxb6 axb6 14. Nc3 c6 15. a3 b5 16. Bb3 b4 17. axb4 Rxa1 18. Rxa1 Bxb4 19. d5 Kc7 20. Rc1 Bxc3 21. Rxc3 f4 22. dxc6 b5 23. Bd5 Be6 24. Bf3 fxe3 25. fxe3 Rd8 26. Rc2 b4 27. Rc1 Rd2 28. Ra1 Rxb2 29. Ra7+ Kd6 30. c7 Rc2 31. Be4 Rc1+ 32. Kf2 f5 33. Ra6+ Kd7 34. Bd3 Rxc7 35. Rb6 b3 36. Ke2 g6 37. Kd2 Bd5 38. Rb5 Kc6 39. Rb4 Ra7 40. Bb1 Kc5 41. Rb8 Ra1 42. Kc1 Be4 43. Rxb3 Kc4 0-1

[Event "Catalunya-chT"]
[Site "Spain"]
[Date "1998.??.??"]
[Round "4"]
[White "Montell Lorenzo, Joan Carlos"]
[Black "Collado Forner, Jose"]
[Result "1/2-1/2"]
[WhiteElo "2305"]
[BlackElo "2350"]
[PlyCount "59"]
[EventDate "1998.01.??"]
[EventType "team"]
[EventRounds "9"]
[EventCountry "ESP"]
[SourceTitle "EXT 2003"]
[Source "ChessBase"]
[SourceDate "2002.11.25"]
[SourceVersion "1"]
[SourceVersionDate "2002.11.25"]
[SourceQuality "1"]

1. e4 e6 2. c4 c5 3. Nc3 Nc6 4. g3 g6 5. Bg2 Bg7 6. f4 d6 7. Nf3 Nge7 8. 0-0 0-0 9. d3 a6 10. g4 f5 11. gxf5 exf5 12. Kh1 Rb8 13. Nd5 Kh8 14. Qe2 b5 15. e5 Nxd5 16. cxd5 Ne7 17. Be3 Nxd5 18. Ng5 Nxe3 19. Qxe3 Qe7 20. Qh3 h6 21. Rae1 Bb7 22. e6 Bxg2+ 23. Kxg2 Kg8 24. Nf7 h5 25. Qg3 Kh7 26. Ng5+ Kg8 27. Nf7 Kh7 28. Ng5+ Kg8 29. Nf7 Kh7 30. Ng5+ 1/2-1/2

[Event "La Pobla de Lillet op"]
[Site "La Pobla de Lillet"]
[Date "1998.??.??"]
[Round "6"]
[White "Montell Lorenzo, Joan Carlos"]
[Black "Garcia Paolicchi, Raul"]
[Result "0-1"]
[WhiteElo "2280"]
[BlackElo "2340"]
[PlyCount "118"]
[EventDate "1998.??.??"]
[EventType "swiss"]
[EventRounds "9"]
[EventCountry "ESP"]
[SourceTitle "EXT 2004"]
[Source "ChessBase"]
[SourceDate "2003.11.25"]
[SourceVersion "1"]
[SourceVersionDate "2003.11.25"]
[SourceQuality "1"]

1. f4 d5 2. e3 c5 3. Nf3 Nc6 4. b3 a6 5. Bb2 e6 6. Be2 Nf6 7. 0-0 Be7 8. Qe1 0-0 9. Ne5 Qc7 10. d3 Nd7 11. Nxc6 Qxc6 12. Qg3 Bf6 13. Bxf6 Nxf6 14. Nd2 b5 15. Nf3 Bb7 16. Ne5 Qc7 17. f5 Rae8 18. Rae1 Bc8 19. d4 Ne4 20. Qh4 exf5 21. Bd3 c4 22. Be2 f6 23. Nf3 Nc3 24. bxc4 bxc4 25. Bd1 Nxa2 26. Nd2 Nc3 27. Bf3 g5 28. Qh5 g4 29. Nb1 Qa5 30. Nxc3 gxf3 31. Nd1 fxg2 32. Kxg2 Qc7 33. Nc3 Qf7 34. Qf3 Kh8 35. Rb1 Rg8+ 36. Kf2 Qc7 37. Rh1 Qa5 38. Ne2 Qd2 39. Rhe1 Qxc2 40. Rb6 Re6 41. Rb8 Qe4 42. Qh3 Qg4 43. Qxg4 fxg4 44. Nc3 Rd6 45. Reb1 Bf5 46. R1b6 Rxb8 47. Rxd6 Be4 48. Rxf6 Kg7 49. Rxa6 Rf8+ 50. Ke2 Bd3+ 51. Ke1 Rf1+ 52. Kd2 Rf2+ 53. Kd1 Rxh2 54. Nxd5 g3 55. Ra7+ Kh6 56. Nf6 Kg5 57. Rg7+ Kxf6 58. Rxg3 c3 59. Rg1 Ra2 0-1